000
00184 a2200097 4500
020
_a
9780956932303
041
_a
eng
100
_a
Karen Inglis
245
_a
The Secret Lake
942
_c
K
999
_c
26216
_d
26216